| 000 | 00675nam a2200217Ia 4500 | ||
|---|---|---|---|
| 008 | 140429s9999 xx 000 0 und d | ||
| 020 | _a9780415806350 | ||
| 050 |
_aJC 580 _b.H39 2011 |
||
| 100 | _aHayner, Pricilla B. | ||
| 245 |
_aUnspeakable truths : _btransitional justice and the challenge of truth commissions / _cPricilla B. Hayner. |
||
| 250 | _a2nd ed. | ||
| 260 |
_aNew York : _bRoutledge, _cc2011. |
||
| 300 |
_a356 p. : _bill. ; _c23 cm. |
||
| 500 | _aIncludes bibliographical references and index. | ||
| 521 | _aGE | ||
| 650 | _aHuman rights. | ||
| 650 | _aPolitical atrocities. | ||
| 650 | _aTruth commissions. | ||
| 942 |
_kFOR _cBK |
||
| 999 |
_c115591 _d115591 |
||